<?xml version="1.0" encoding="UTF-8"?><?xml-stylesheet type="text/xsl" href="static/style.xsl"?><OAI-PMH xmlns="http://www.openarchives.org/OAI/2.0/" xmlns:xsi="http://www.w3.org/2001/XMLSchema-instance" xsi:schemaLocation="http://www.openarchives.org/OAI/2.0/ http://www.openarchives.org/OAI/2.0/OAI-PMH.xsd"><responseDate>2026-05-14T11:36:22Z</responseDate><request verb="GetRecord" identifier="oai:riubu.ubu.es:10259/8978" metadataPrefix="marc">https://riubu.ubu.es/oai/request</request><GetRecord><record><header><identifier>oai:riubu.ubu.es:10259/8978</identifier><datestamp>2024-04-19T00:05:16Z</datestamp><setSpec>com_10259_8962</setSpec><setSpec>com_10259_5086</setSpec><setSpec>com_10259_2604</setSpec><setSpec>col_10259_8963</setSpec></header><metadata><record xmlns="http://www.loc.gov/MARC21/slim" xmlns:doc="http://www.lyncode.com/xoai" xmlns:xsi="http://www.w3.org/2001/XMLSchema-instance" xmlns:dcterms="http://purl.org/dc/terms/" xsi:schemaLocation="http://www.loc.gov/MARC21/slim http://www.loc.gov/standards/marcxml/schema/MARC21slim.xsd">
<leader>00925njm 22002777a 4500</leader>
<datafield tag="042" ind1=" " ind2=" ">
<subfield code="a">dc</subfield>
</datafield>
<datafield tag="720" ind1=" " ind2=" ">
<subfield code="a">Sánchez Simón, Margarita</subfield>
<subfield code="e">author</subfield>
</datafield>
<datafield tag="720" ind1=" " ind2=" ">
<subfield code="a">García Merino, Carmen</subfield>
<subfield code="e">author</subfield>
</datafield>
<datafield tag="720" ind1=" " ind2=" ">
<subfield code="a">Burón Álvarez, Milagros</subfield>
<subfield code="e">author</subfield>
</datafield>
<datafield tag="260" ind1=" " ind2=" ">
<subfield code="c">2008-06</subfield>
</datafield>
<datafield tag="520" ind1=" " ind2=" ">
<subfield code="a">El Museo de las Villas Romanas muestra una exposición sobre la decoración pintada de la habitación con el mosaico de Pegaso. La restauración de algunos de los fragmentos aparecidos durante el transcurso de las excavaciones, nos permite realizar una primera hipótesis sobre el esquema decorativo de esta estancia.</subfield>
</datafield>
<datafield tag="520" ind1=" " ind2=" ">
<subfield code="a">The Museo de las Villas Romanas shows a Roman wall-painting exhibition with examples from the Pegasus mosaic room. The restoration of several fragments found during the last excavations, enables us to propose a first hypothesis about the walls decorative pattern in this hall.</subfield>
</datafield>
<datafield tag="024" ind2=" " ind1="8">
<subfield code="a">1988-8015</subfield>
</datafield>
<datafield tag="024" ind2=" " ind1="8">
<subfield code="a">http://hdl.handle.net/10259/8978</subfield>
</datafield>
<datafield ind1=" " ind2=" " tag="653">
<subfield code="a">Pintura mural romana</subfield>
</datafield>
<datafield ind1=" " ind2=" " tag="653">
<subfield code="a">Bajo Imperio</subfield>
</datafield>
<datafield ind1=" " ind2=" " tag="653">
<subfield code="a">Museo de las Villas Romanas de Almenara-Puras (MVR)</subfield>
</datafield>
<datafield ind1=" " ind2=" " tag="653">
<subfield code="a">Roman wall-painting</subfield>
</datafield>
<datafield ind1=" " ind2=" " tag="653">
<subfield code="a">Late Empire</subfield>
</datafield>
<datafield tag="245" ind1="0" ind2="0">
<subfield code="a">La Exposición "Pinturas murales de Almenara-Puras: técnica, arte y suntuosidad": nuevas aportaciones para el estudio de la pintura mural de la Villa Romana de Almenara-Puras (Valladolid)</subfield>
</datafield>
</record></metadata></record></GetRecord></OAI-PMH>